| 000 | 00460 a2200169 4500 | ||
|---|---|---|---|
| 005 | 20150817150716.0 | ||
| 008 | 141113b xxu||||| |||| 00| 0 eng d | ||
| 020 | _a9789350002889 | ||
| 080 |
_a305-055.2=H _bMAL |
||
| 100 | _aMalathy, K. M | ||
| 245 |
_aStri vimarsh _bBhartiya pariprekshya |
||
| 260 |
_bVaani Prakashan _c2012 _aNew Delhi |
||
| 300 | _a163p. | ||
| 653 | _aHindi literature - Criticism | ||
| 653 | _aFeminism - Women's studies | ||
| 942 | _cBK | ||
| 999 |
_c77629 _d77628 |
||